President A-Z - Statistics

General Stats
  • This quiz has been taken 45 times
  • The average score is 17 of 22
Answer Stats
Hint Answer % Correct
A Andrew Jackson
94%
C Chester Arthur
90%
G George Bush
87%
B James Buchanan
87%
J Jimmy Carter
87%
H William Harrison
84%
F Franklin Roosevelt
81%
R Franklin Roosevelt
81%
L Lyndon Johnson
81%
O Barrack Obama
77%
D Donald Trump
77%
W George Washington
77%
M James Madison
77%
E Dwight Eisenhower
74%
T Harry Truman
74%
Q John Quincy Adams
74%
P Franklin Pierce
68%
K John Kennedy
68%
N Richard Nixon
65%
U Ulysses Grant
65%
Z Zachary Taylor
48%
V Martin Van Buren
39%
No matching quizzes found
Score Distribution
Percent of People with Each Score
Percentile by Number Answered
Your Score History
You have not taken this quiz